00894aam a2200361 450000500170000000800410001702000150005804100080007308200150008110000260009624500310012226000130015326000150016626000090018130000180019030000260020865000220023465000210025665000200027765000100029765000210030765000120032865000120034065000110035265000110036365000210037465000210039594200120041699900170042895200290044595200290047495200290050320241024191000.0150511b2001 -cn||||| |||| 00| 0 spa d a0914168819 aESP a611 N474a2 aNetter, Frank H98246 aAtlas de anatomía humana aEspaña bMasson S.A c2002 a547 páginas bIlustraciones a color aANATOMÍA HUMANA aSISTEMA NERVIOSO aCABEZA Y CUELLO aDORSO aMÉDULA ESPINAL aTÓRAX aABDOMEN aPELVIS aPERINE aMIEMBRO SUPERIOR aMIEMBRO INFERIOR cBK2ddc c10269d10269 o611 N474a2p8458xMDyBK o611 N474a2p8828xMDyBK o611 N474a2p8827xMDyBK